Historia del comercio / (Record no. 87902)

MARC details
000 -LEADER
campo de control de longitud fija 01072nam a2200205 i 4500
001 - NÚMERO DE CONTROL
campo de control 87902
003 - IDENTIFICADOR DE NÚMERO DE CONTROL
campo de control ES-MaACL
005 - FECHA Y HORA DE LA ÚLTIMA TRANSACCIÓN
campo de control 20250901110114.0
007 - CAMPO FIJO DE DESCRIPCIÓN FÍSICA--INFORMACIÓN GENERAL
campo de control de longitud fija t|
008 - DATOS DE LONGITUD FIJA--INFORMACIÓN GENERAL
campo de control de longitud fija 041228s1958 sp ||||1| spa d
100 1# - ENTRADA PRINCIPAL--NOMBRE DE PERSONA
Nombre de persona Lacour-Gayet, Jacques.
9 (RLIN) 69401
245 10 - MENCIÓN DEL TÍTULO
Título Historia del comercio /
Mención de responsabilidad, etc. Jacques Lacour-Gayet ; [traducción castellana de Jesús García Tolsá].
260 ## - PUBLICACIÓN, DISTRIBUCIÓN, ETC.
Lugar de publicación, distribución, etc. Barcelona :
Nombre del editor, distribuidor, etc. Vergara,
Fecha de publicación, distribución, etc. [1958] (
Fabricante Fidel Rodríguez)
300 ## - DESCRIPCIÓN FÍSICA
Extensión 3 v. :
Otras características físicas il. ;
Dimensiones 28 cm.
505 8# - NOTA DE CONTENIDO CON FORMATO
Nota de contenido con formato Contiene: I. Jacques Lacour-Gayet: Introducción. André Journaux: La Geografía y el comercio. Pierre Benaerts: Los hombres... XVI + 618 pág. -- II. Marguerite Boulet: El comercio Medieval europeo. Henri Labouret: La permuta y el comercio en los archipiélagos del Pacífico y en Africa tropical... 733 pág. -- III. Jean Canu: El Nuevo Mundo y el oro español. Claude-Joseph Gignoux: Epoca mercantilista.- 966 pág
650 04 - PUNTO DE ACCESO ADICIONAL DE MATERIA--TÉRMINO DE MATERIA
Término de materia o nombre geográfico como elemento de entrada Comercio-
Subdivisión de forma Historia
9 (RLIN) 11160
700 1# - ENTRADA AGREGADA--NOMBRE PERSONAL
Nombre de persona García Tolsá, Jesús
9 (RLIN) 55332
852 ## - LOCALIZACIÓN
Ubicación ES-MaACL
Número de control de estantería C-15651-3
Sublocalización o colección R.42624
Holdings
Estatus retirado Estado de pérdida Estado de daño No para préstamo Biblioteca de origen Biblioteca actual Ubicación en estantería Fecha de adquisición Fuente de adquisición Total de préstamos Signatura topográfica completa Código de barras Visto por última vez Precio de reemplazo Tipo de ítem Koha
        Biblioteca del Ateneo de Madrid Biblioteca del Ateneo de Madrid Ficheros 17/01/2008     C-15651-3 1091826 23/02/2023 23/02/2023 Libro impreso